000 00527nam a22001697a 4500
003 NUST
038 _aNusrat Nadeem
082 _a200
100 _aAmin, Benish
_9124506
245 _aDevelopment of Accurate Image Matting Techniques/
_cBenish Amin
264 _aRawalpindi;
_bMCS NUST;
_c2020.
300 _a112,p;
_bill;
_c30,cm.
650 _aPhD- Computer Software Engineering
_9124478
700 _aSupervisor:Dr. Abdul Ghafoor
_9119876
856 _uhttp://10.250.8.41:8080/xmlui/handle/123456789/3725
942 _2ddc
_cSC
999 _c610346
_d610346